Normal view
MARC view
- LITURGIA
Entry TÉRMINO TEMÁTICO
001 - NUMERO DE CONTROL DEL REGISTRO
- campo de control: 429374
003 - IDENTIFICADOR DEL NUMERO DE CONTROL
- campo de control: ES-SlBCS
005 - FECHA Y HORA DE LA ULTIMA TRANSACCION
- campo de control: 20260309095226.0
008 - ELEMENTOS DE LONGITUD FIJA
- campo de control de longitud fija: 260309|| aca||aabn | a|a d
040 ## - FUENTE DE LA CATALOGACION
- Agencia que crea de manera original el registro: ES-SlBCS
- Agencia que realiza la transcripción: ES-SlBCS
150 ## - ENCABEZAMIENTO - TEMÁTICO
- Encabezamiento temático: LITURGIA
- Subdivisión de forma: Guiones
- Subdivisión general: Adviento y Navidad
670 ## - FUENTE EN LA QUE SE LOCALIZARON DATOS
- Cita de la fuente: Work cat.: (ES-SlBCS): Preciado Sáez de Ozcariz - Badiola Sáenz de Ugarte, José Antonio - Allende Bravo, Fernando 429373, Somos lo que damos. Somos amor. Adviento y Navidad 2022-2023., 2022
